00796nam a2200229Ia 4500999001500000003000400015005001700019008004100036040002100077041001200098082002100110100003400131245008800165260003700253300002900290546002300319650002200342650003200364700003400396942001200430952012400442 c5297d5297OSt20200519201707.0191128s1979 ck fr 000 0 spa d aCO-JMCRcCO-JMCR1 aspahru04a330 /bL586c2231 aLeóntiev, L., eautor9456010aCompendio de economía política / cL. Leóntiev ; traducido del ruso L. Vladov aBogotá : bAlcaraván, c1979 a170 páginas ; c17 cm. aTraducido del ruso14aEconomía 9456114aEconomía política918381 aVladov, L., etraductor94562 2ddccBK 00102ddc40708FICaCPLbCPLd2018-04-15eDonacióng0.00l0o330 / L586c p430001679r2024-05-16 00:00:00tEj.1yBK